000 00444nam a2200181Ia 4500
003 OSt
005 20250813122202.0
008 250729s2006 xx 000 0 und d
040 _cAL
041 _aeng
082 _a371.4 AGGE
100 _aBose K
_9221269
245 _aTeaching of english : a modern approach
260 _aNew Delhi
_bDoaha House
_c2006
300 _a150p
650 _aEducational Guidence
_9221270
942 _2ddc
_cBED
999 _c234931
_d234931